Κραυγή στα πέρατα : ποιήματα

Αποθηκεύτηκε σε:
Λεπτομέρειες βιβλιογραφικής εγγραφής
Κύριος συγγραφέας: Λουντέμης, Μενέλαος, 1912-1977
Μορφή: Βιβλίο
Γλώσσα:Greek
Δημοσίευση: Αθήνα : Δωρικός, 1975.
Έκδοση:3η εκδ.
Θέματα:
Ετικέτες: Προσθήκη ετικέτας
Δεν υπάρχουν, Καταχωρήστε ετικέτα πρώτοι!

MARC

LEADER 00000cam a2200000 i 4500
001 1/33417
008 941103s1975 gr | ||| |||| ||gre||
035 |a 1990  |c Δωρεά  |l 10039363 
040 |a GR-MyUa  |b gre  |e AACR2 
041 0 |a gre 
082 7 |a 889.1   |2 (21) 
100 1 |a Λουντέμης, Μενέλαος,   |d 1912-1977. 
245 1 0 |a Κραυγή στα πέρατα :   |b ποιήματα /   |c Μενέλαος Λουντέμης.  
250 |a 3η εκδ.  
260 |a Αθήνα :   |b Δωρικός,   |c 1975.  
300 |a 122 σ. ;   |c 21 εκ. 
650 0 |a Greek poetry. 
852 |a INST  |b SAMOS  |e 19941103  |h 889.1 ΛΟΥ  |p 005300000611  |q 005300000611  |t BK  |y 0 
852 |a INST  |b SYROS  |e 20120605  |h 889.1 ΛΟΥ  |p 005500010328  |q 005500010328  |t BK  |y 0 
901 |a BIBL5-2012-1 
970 |a Κοντού  |b Παρασκευή  |z 05/06/2012